MARC

LEADER 00000nam0a2200000 4500
001 322934
005 20231102003524.0
035 |a (RuTPU)RU\TPU\book\348492 
090 |a 322934 
100 |a 20161006d1976 d y0rusy50 ca 
101 0 |a rus 
102 |a RU 
105 |a a z 000ay 
200 1 |a Выстрел  |e повесть  |f А. Н. Рыбаков  |g худож. Р. Вольский 
210 |a Москва  |c Детская литература  |d 1976 
215 |a 223 с.  |c ил. 
606 1 |a Русская литература современная  |2 stltpush  |3 (RuTPU)RU\TPU\subj\26373  |9 50316 
610 1 |a художественная литература 
610 1 |a детская литература 
610 1 |a повести 
675 |a Р2  |v 4 
700 1 |a Рыбаков  |b А. Н.  |c русский писатель, романтист  |f 1911-1998  |g Анатолий Наумович  |2 stltpush  |3 (RuTPU)RU\TPU\pers\8222  |4 070  |9 1619 
702 1 |a Вольский  |b Р.  |4 440 
801 1 |a RU  |b 63413507  |c 20161006 
801 2 |a RU  |b 63413507  |c 20210113  |g RCR 
942 |c BK